Cómo hablar de autoestima a los niños / (Registro nro. 17315)

Detalles MARC
000 -LEADER
fixed length control field 01140nam a2200325 4500
003 - CONTROL NUMBER IDENTIFIER
control field CO-CtgCURN
005 - DATE AND TIME OF LATEST TRANSACTION
control field 20250331183918.0
007 - PHYSICAL DESCRIPTION FIXED FIELD--GENERAL INFORMATION
fixed length control field ta
008 - FIXED-LENGTH DATA ELEMENTS--GENERAL INFORMATION
fixed length control field 160627s1997 000 0 eng d
020 ## - INTERNATIONAL STANDARD BOOK NUMBER
International Standard Book Number 968403735X
040 ## - CATALOGING SOURCE
Original cataloging agency CO-CtgCURN
Language of cataloging spa
Transcribing agency coctgcurn
082 0# - DEWEY DECIMAL CLASSIFICATION NUMBER
Classification number 159.923
Item number K212
100 1# - MAIN ENTRY--PERSONAL NAME
Personal name Kaufman, Gershen.
245 10 - TITLE STATEMENT
Title Cómo hablar de autoestima a los niños /
Statement of responsibility, etc. Gershen Kaufman, Lev Raphael ; traductor, Mercedes Sanders.
260 ## - PUBLICATION, DISTRIBUTION, ETC.
Place of publication, distribution, etc. México :
Name of publisher, distributor, etc. Selector,
Date of publication, distribution, etc. 1997.
300 ## - PHYSICAL DESCRIPTION
Extent 122 p :
Other physical details il.
336 ## - CONTENT TYPE
Source rdacontent
337 ## - MEDIA TYPE
Source rdamedia
Media type term sin mediacion
Media type code n
338 ## - CARRIER TYPE
Source rdacarrier
Carrier type term volumen
Carrier type code nc
504 ## - BIBLIOGRAPHY, ETC. NOTE
Bibliography, etc. note Incluye bibliografias.
505 8# - FORMATTED CONTENTS NOTE
Formatted contents note ¿Cómo obtener y usar el poder personal? -- Cómo aprender a gustarte a ti mismỏ
650 14 - SUBJECT ADDED ENTRY--TOPICAL TERM
Topical term or geographic name entry element Autoestima en niños.
650 14 - SUBJECT ADDED ENTRY--TOPICAL TERM
Topical term or geographic name entry element Asertividad (Psicología)
Form subdivision Literatura juvenil.
650 14 - SUBJECT ADDED ENTRY--TOPICAL TERM
Topical term or geographic name entry element Control (Psicología)
Form subdivision Literatura juvenil.
700 1# - ADDED ENTRY--PERSONAL NAME
Personal name Raphael, Lev.
700 1# - ADDED ENTRY--PERSONAL NAME
Personal name Sanders, Mercedes,
Relator term Traductor.
908 ## - PUT COMMAND PARAMETER (RLIN)
Put command parameter 160627
942 ## - ADDED ENTRY ELEMENTS (KOHA)
Koha item type Libros
Classification part 159.923
Item part K212
Source of classification or shelving scheme Dewey Decimal Classification
Existencias
Withdrawn status Lost status Source of classification or shelving scheme Damaged status Not for loan Collection Home library Current library Shelving location Date acquired Inventory number Total checkouts Full call number Barcode Date last seen Copy number Price effective from Koha item type Public note
    Dewey Decimal Classification     General Miguel Henríquez Castañeda Miguel Henríquez Castañeda General 03/31/2025 016438   159.923 K212 016438 03/31/2025 ej.2 03/31/2025 Libros 150-PSICOL